[Event "7th Iberoamerican-ch 2019"]
[Site "Linares"]
[Date "2019.08.18"]
[Round "9.40"]
[White "Paiva, Henrique M A Alberga"]
[Black "Ingunza Curro, Andres"]
[Result "0-1"]
[WhiteElo "2106"]
[BlackElo "2103"]
[Annotator "NA"]
[PlyCount "118"]
[EventDate "2019.08.10"]
[EventType "swiss"]
[EventCountry "ESP"]
[SourceTitle "playchess.com"]
[Source "ChessBase"]
[SourceQuality "1"]
[TimeControl "5400+30"]

1. b3 {[%emt 0:05:48]} e5 {[%emt 0:00:44]} 2. Bb2 {[%emt 0:00:30]} Nc6 {[%emt 0:00:03]} 3. e3 {[%emt 0:01:35]} Nf6 {[%emt 0:00:04]} 4. Bb5 {[%emt 0:00:08]} Bd6 {[%emt 0:00:04]} 5. Na3 Na5 {[%emt 0:00:04]} 6. Be2 {[%emt 0:00:11]} a6 {[%emt 0:00:05]} 7. c4 {[%emt 0:00:46]} O-O {[%emt 0:00:30]} 8. Nc2 {[%emt 0:09:15]} Re8 {[%emt 0:00:23]} 9. d3 {[%emt 0:00:30]} c5 {[%emt 0:00:30]} 10. Nf3 {[%emt 0:00:30]} Nc6 {[%emt 0:01:05]} 11. O-O {[%emt 0:09:53]} Bf8 {[%emt 0:25:59]} 12. d4 {[%emt 0:00:30]} e4 {[%emt 0:00:30]} 13. Ne5 {[%emt 0:03:34]} cxd4 {[%emt 0:03:43]} 14. exd4 {[%emt 0:00:40]} d6 {[%emt 0:00:54]} 15. Nxc6 bxc6 {[%emt 0:00:01]} 16. d5 {[%emt 0:03:55]} c5 {[%emt 0:04:16]} 17. f4 {[%emt 0:23:54]} exf3 {[%emt 0:13:16]} 18. Bxf3 {[%emt 0:03:01]} g6 {[%emt 0:07:40]} 19. Qd2 {[%emt 0:05:31]} Bg7 {[%emt 0:01:48]} 20. Qf4 {[%emt 0:05:41]} Ra7 {[%emt 0:06:40]} 21. Qh4 {[%emt 0:05:18]} Bf5 {[%emt 0:03:42]} 22. Rac1 {[%emt 0:00:40]} h6 23. Ba1 {[%emt 0:02:08]} g5 {[%emt 0:10:24]} 24. Qf2 {[%emt 0:00:57]} Bg6 {[%emt 0:01:55]} 25. Ne3 {[%emt 0:01:41]} Rae7 {[%emt 0:01:50]} 26. Ng4 {[%emt 0:02:50]} Nxg4 {[%emt 0:02:30]} 27. Bxg4 {[%emt 0:00:05]} Re4 {[%emt 0:00:25]} 28. Bxg7 {[%emt 0:00:37]} Kxg7 {[%emt 0:03:09]} 29. Qb2+ {[%emt 0:02:01]} R8e5 {[%emt 0:00:21]} 30. Bf3 {[%emt 0:00:44]} Re3 {[%emt 0:00:54]} 31. Rce1 {[%emt 0:00:30]} Kh7 {[%emt 0:00:30]} 32. Rxe3 {[%emt 0:02:35]} Rxe3 {[%emt 0:00:43]} 33. Bg4 {[%emt 0:01:50]} Re5 {[%emt 0:01:41]} 34. Qa3 {[%emt 0:01:16]} Qe7 {[%emt 0:01:19]} 35. Qa5 {[%emt 0:00:30]} Bd3 {[%emt 0:00:30]} 36. Rd1 {[%emt 0:01:14]} Be2 {[%emt 0:01:03]} 37. Bxe2 {[%emt 0:00:09]} Rxe2 {[%emt 0:04:39]} 38. Qc3 {[%emt 0:01:34]} Qe4 39. Qg3 {[%emt 0:00:14]} Rxa2 {[%emt 0:01:23]} 40. Rf1 {[%emt 0:01:44]} f5 {[%emt 0:00:30]} 41. Re1 {[%emt 0:00:30]} Re2 {[%emt 0:00:23]} 42. Rxe2 {[%emt 0:00:08]} Qxe2 {[%emt 0:00:30]} 43. Qc3 {[%emt 0:00:30]} Kg6 {[%emt 0:00:30]} 44. h3 {[%emt 0:00:30]} f4 {[%emt 0:00:30]} 45. Qh8 {[%emt 0:00:30]} Qe1+ {[%emt 0:00:30]} 46. Kh2 {[%emt 0:00:30]} Qe5 {[%emt 0:00:30]} 47. Qg8+ {[%emt 0:00:00]} Kh5 {[%emt 0:02:22]} 48. Kg1 {[%emt 0:00:06]} Kh4 {[%emt 0:01:14]} 49. Qe6 {[%emt 0:02:10]} Qe3+ {[%emt 0:01:02]} 50. Kf1 {[%emt 0:02:11]} Qc1+ {[%emt 0:00:26]} 51. Kf2 {[%emt 0:00:30]} h5 {[%emt 0:00:30]} 52. Qe2 {[%emt 0:01:17]} Qc3 {[%emt 0:00:48]} 53. Qa2 {[%emt 0:00:48]} Qe3+ {[%emt 0:00:07]} 54. Kf1 {[%emt 0:00:30]} Kg3 {[%emt 0:00:30]} 55. Qc2 {[%emt 0:00:30]} g4 {[%emt 0:00:22]} 56. hxg4 {[%emt 0:00:20]} hxg4 {[%emt 0:00:12]} 57. Qb2 {[%emt 0:00:26]} f3 {[%emt 0:00:30]} 58. gxf3 {[%emt 0:00:30]} Qxf3+ {[%emt 0:00:30]} 59. Kg1 Qd1# 0-1